Loading...
| Literature - British | 0 | 8 | 0 | 0 | 80 | 12 | 59.00 | 6 | 8 | 0.00 | 0.00 |
| Literature - European | 0 | 8 | 0 | 0 | 80 | 43 | 58.38 | 6 | 8 | 0.00 | 0.00 |
| Philosophy | 0 | 7 | 0 | 0 | 70 | 32 | 56.00 | 4 | 7 | 0.00 | 0.00 |
| Literature - World/Other | 0 | 7 | 0 | 1 | 70 | 43 | 82.00 | 3 | 6 | 0.00 | 0.00 |
| Religion | 0 | 5 | 1 | 4 | 45 | 102 | 123.40 | 0 | 3 | 0.00 | 0.00 |
| Social Science | 0 | 4 | 1 | 0 | 35 | 69 | 83.00 | 1 | 3 | 0.00 | 0.00 |
| Mythology | 0 | 4 | 1 | 0 | 35 | 40 | 62.50 | 1 | 3 | 0.00 | 0.00 |
| Literature - American | 0 | 4 | 2 | 0 | 30 | 17 | 46.75 | 3 | 4 | 0.00 | 0.00 |
| History - World | 0 | 3 | 0 | 0 | 30 | 74 | 90.67 | 0 | 2 | 0.00 | 0.00 |
| History - Other | 0 | 2 | 0 | 0 | 20 | 49 | 55.00 | 0 | 2 | 0.00 | 0.00 |
| History - European | 0 | 2 | 0 | 0 | 20 | 74 | 88.50 | 0 | 1 | 0.00 | 0.00 |
| Fine Arts - Visual | 0 | 1 | 0 | 1 | 10 | 116 | 116.00 | 0 | 1 | 0.00 | 0.00 |
| Fine Arts - Other | 0 | 1 | 0 | 0 | 10 | 85 | 85.00 | 1 | 1 | 0.00 | 0.00 |
| Science - Biology | 0 | 1 | 0 | 0 | 10 | 106 | 106.00 | 0 | 0 | 0.00 | 0.00 |
| History - American | 0 | 2 | 2 | 0 | 10 | 88 | 91.50 | 0 | 0 | 0.00 | 0.00 |
| Fine Arts - Classical Music | 0 | 1 | 1 | 1 | 5 | 123 | 123.00 | 0 | 0 | 0.00 | 0.00 |
| Other Academic | 0 | 0 | 1 | 0 | -5 | 0.00 | 0 | 0 | 0.00 | 0.00 | |
| Geography/Current Events | 0 | 0 | 1 | 0 | -5 | 0.00 | 0 | 0 | 0.00 | 0.00 |